000 00652nam a22002537a 4500
001 BS2023000586
003 BR-BrBNA
005 20231211145703.0
008 231211b bl.||||| |||| 00| 0 por d
020 _a978-85-93876-22-6
040 _aBR-BrBNA
_bpor
041 _apor
072 _aB32
100 _4aut.
_aBrodskaïa, Nathalia
245 _aFauvismo /
_cNathalia Brodskaïa
260 _aSão Paulo :
_bFolha de São Paulo,
_c2017.
300 _a72 p. ;
_bil.
650 _aFAUVISMO
650 _aARTISTAS - SÉCULO XX
650 _aARTE - HISTÓRIA
909 _a202312
_bAna Lívia
942 _cBK
999 _c259947
_d259947